000 00741nas a2200253 4500
001 BR0002240
003 BR-BrBNA
005 20231205101833.0
007 ta
008 230509b bl.|||p| |||| 00| 00por d
040 _aBR-BrBNA
_bpor
_cBiblioteca Nacional de Agricultura
041 _a(Pt)
072 _aF08
100 1 _aKampf, A.N.
100 1 _aHammer, P.A.
100 1 _aKirk, T.
245 1 _aImpedancia mecanica em substratos horticolas
650 _aHorticultura
650 _aCultura de Tecido
650 _aSubstrato de Cultura
773 0 _tPesquisa Agropecuaria Brasileira (Brazil)
_xISSN 0100-204X
_g(Nov 1999), v. 34(11) p. 2157-2161
_wBR0002240
909 _a202311
_bLúcia
_c55
_dLúcia Elande
942 _2AGRIS
_n0
_cANA
999 _c164242
_d164242